Piłka Nożna- trenerzy którzy wygrali Ligę Mistrzów w XXI wieku - Statystyki

Ogólne statystyki
  • Ten quiz został rozwiązany 2 027 razy
    354 od ostatniego zresetowania
  • Średni wynik to 20 z 25
Statystyki odpowiedzi
Sezon Klub Trener % Poprawnych
2008/09 FC Barcelona Pep Guardiola
98%
2010/11 FC Barcelona Pep Guardiola
98%
2022/23 Manchester City Pep Guardiola
98%
2015/16 Real Madryt Zinédine Zidane
97%
2016/17 Real Madryt Zinédine Zidane
97%
2017/18 Real Madryt Zinédine Zidane
97%
2002/03 AC Milan Carlo Ancelotti
96%
2006/07 AC Milan Carlo Ancelotti
96%
2013/14 Real Madryt Carlo Ancelotti
96%
2021/22 Real Madryt Carlo Ancelotti
96%
2023/24 Real Madryt Carlo Ancelotti
96%
2018/19 Liverpool FC Jürgen Klopp
94%
2014/15 FC Barcelona Luis Enrique
92%
2024/25 PSG Luis Enrique
90%
2003/04 FC Porto José Mourinho
89%
2009/10 Inter Mediolan José Mourinho
89%
2007/08 Manchester United Alex Ferguson
86%
2019/20 Bayern Monachium Hans-Dieter Flick
86%
2020/21 Chelsea FC Thomas Tuchel
82%
2004/05 Liverpool FC Rafa Benítez
52%
2012/13 Bayern Monachium Jupp Heynckes
43%
2005/06 FC Barcelona Frank Rijkaard
38%
2001/02 Real Madryt Vicente del Bosque
29%
2011/12 Chelsea FC Roberto Di Matteo
28%
2000/01 Bayern Monachium Ottmar Hitzfeld
15%
Nie znaleziono quizów pasujących do podanych kryteriów
Rozkład punktacji
Procent ludzi z każdym wynikiem
Percentyl według liczby udzielonych odpowiedzi
Twoja historia wyników
Nie rozwiązałeś tego quizu od ostatniego zresetowania